Statistics for Caribbean Island Countries and Territories

Click here to take the quiz!

General Stats

  • This quiz has been taken 106 times
  • The average score is 15 of 26

Answer Stats

Capital(Hint) Island % Correct
HavanaCuba
96%
KingstonJamaica
93%
NassauBahamas
89%
RoseauDominica
88%
Port-au-PrinceHaiti
88%
Port of SpainTrinidad and Tobago
87%
Santo DomingoDominican Republic
82%
BasseterreSaint Kitts and Nevis
80%
BridgetownBarbados
76%
St.George'sGrenada
76%
San JuanPuerto Rico
71%
KingstownSaint Vincent and the Grenadines
70%
CastriesSaint Lucia
55%
OranjestadAruba
55%
St.John's'Antigua and Barbuda
53%
WillemstadCuracao
41%
Road TownBritish Virgin Islands
41%
Charlotte AmelieUnited States Virgin Islands
38%
George TownCayman Islands
34%
MarigotSaint Martin
32%
Cockburn TownTurks and Caicos
32%
The ValleyAnguilla
28%
Plymouth,BradesMontserrat
24%
GustaviaSaint Barthelemy
24%
PhilipsburgSint Maarten
22%
Lulu TownNavassa Island
1%

Score Distribution

Percentile by Number Answered

Percent of People with Each Score

Your Score History

You have not taken this quiz